<?xml version="1.0" encoding="UTF-8"?>
<record
    xmlns:xsi="http://www.w3.org/2001/XMLSchema-instance"
    xsi:schemaLocation="http://www.loc.gov/MARC21/slim http://www.loc.gov/standards/marcxml/schema/MARC21slim.xsd"
    xmlns="http://www.loc.gov/MARC21/slim">

  <leader>01430nam a2200337   4500</leader>
  <controlfield tag="001">228</controlfield>
  <controlfield tag="003">OSt</controlfield>
  <controlfield tag="005">20250528074015.0</controlfield>
  <controlfield tag="008">250204b        |||||||g |||| 00| 1 eng d</controlfield>
  <datafield tag="020" ind1=" " ind2=" ">
    <subfield code="a">8535613156</subfield>
  </datafield>
  <datafield tag="040" ind1=" " ind2=" ">
    <subfield code="b">por</subfield>
  </datafield>
  <datafield tag="041" ind1=" " ind2=" ">
    <subfield code="h">ger</subfield>
    <subfield code="a">por</subfield>
  </datafield>
  <datafield tag="082" ind1=" " ind2=" ">
    <subfield code="a">833</subfield>
    <subfield code="b">E56h</subfield>
  </datafield>
  <datafield tag="100" ind1="1" ind2=" ">
    <subfield code="a">Ende, Michael,</subfield>
    <subfield code="d">1929-1995.</subfield>
    <subfield code="9">422</subfield>
  </datafield>
  <datafield tag="240" ind1=" " ind2=" ">
    <subfield code="a">Die unendliche geschichte</subfield>
  </datafield>
  <datafield tag="245" ind1=" " ind2=" ">
    <subfield code="a">A hist&#xF3;ria sem fim /</subfield>
    <subfield code="c">Ende, Michael ; Tradu&#xE7;&#xE3;o de Maria do Carmo Cary e Jo&#xE3;o Azenha Junior</subfield>
  </datafield>
  <datafield tag="250" ind1=" " ind2=" ">
    <subfield code="a">8&#xB0; edi&#xE7;&#xE3;o</subfield>
  </datafield>
  <datafield tag="260" ind1=" " ind2=" ">
    <subfield code="a">S&#xE3;o Paulo</subfield>
    <subfield code="b">Martins Fontes</subfield>
    <subfield code="c">2000</subfield>
  </datafield>
  <datafield tag="300" ind1=" " ind2=" ">
    <subfield code="a">392 p.</subfield>
  </datafield>
  <datafield tag="520" ind1=" " ind2=" ">
    <subfield code="a">"A Hist&#xF3;ria sem Fim" &#xE9; a m&#xE1;gica aventura de um garoto solit&#xE1;rio que passa atrav&#xE9;s das p&#xE1;ginas de um livro para um reino muito particular, o reino da fantasia. Nesta terra imagin&#xE1;ria, numa busca original e cheia de perigos, Bastian descobre a verdadeira medida de sua pr&#xF3;pria coragem e aprende tamb&#xE9;m que at&#xE9; ele tem capacidade para amar. O texto impresso em duas cores, verde e vinho, as belas ilustra&#xE7;&#xF5;es das aberturas dos cap&#xED;tulos completam o clima de encantamento que envolve o leitor.</subfield>
  </datafield>
  <datafield tag="650" ind1=" " ind2="0">
    <subfield code="a">Literatura Alem&#xE3;</subfield>
    <subfield code="9">365</subfield>
  </datafield>
  <datafield tag="650" ind1=" " ind2="0">
    <subfield code="a">Fantasia</subfield>
    <subfield code="9">45</subfield>
  </datafield>
  <datafield tag="650" ind1=" " ind2="0">
    <subfield code="a">Seres m&#xE1;gicos </subfield>
    <subfield code="9">46</subfield>
  </datafield>
  <datafield tag="650" ind1=" " ind2="0">
    <subfield code="a">Aventura</subfield>
    <subfield code="9">47</subfield>
  </datafield>
  <datafield tag="650" ind1=" " ind2="0">
    <subfield code="a">Filme</subfield>
    <subfield code="9">26</subfield>
  </datafield>
  <datafield tag="655" ind1=" " ind2="0">
    <subfield code="a">Romance</subfield>
    <subfield code="9">23</subfield>
  </datafield>
  <datafield tag="655" ind1=" " ind2="0">
    <subfield code="a">Fic&#xE7;&#xE3;o </subfield>
    <subfield code="9">22</subfield>
  </datafield>
  <datafield tag="700" ind1=" " ind2=" ">
    <subfield code="a">Maria do Carmo Cary</subfield>
    <subfield code="e">Tradutor</subfield>
    <subfield code="9">423</subfield>
  </datafield>
  <datafield tag="700" ind1=" " ind2=" ">
    <subfield code="a">Jo&#xE3;o Azenha Junior</subfield>
    <subfield code="e">Tradutor</subfield>
    <subfield code="9">424</subfield>
  </datafield>
  <datafield tag="942" ind1=" " ind2=" ">
    <subfield code="2">ddc</subfield>
    <subfield code="n">0</subfield>
    <subfield code="c">BK</subfield>
  </datafield>
  <datafield tag="952" ind1=" " ind2=" ">
    <subfield code="0">0</subfield>
    <subfield code="1">0</subfield>
    <subfield code="2">ddc</subfield>
    <subfield code="4">0</subfield>
    <subfield code="7">0</subfield>
    <subfield code="8">FIC</subfield>
    <subfield code="a">BIBIB</subfield>
    <subfield code="b">BIBIB</subfield>
    <subfield code="c">LE</subfield>
    <subfield code="d">2002-09-19</subfield>
    <subfield code="e">doa&#xE7;&#xE3;o</subfield>
    <subfield code="l">0</subfield>
    <subfield code="o">833 / E56h</subfield>
    <subfield code="p">2025-1913</subfield>
    <subfield code="r">2025-02-04 07:53:18</subfield>
    <subfield code="w">2025-02-04</subfield>
    <subfield code="y">BK</subfield>
  </datafield>
  <datafield tag="999" ind1=" " ind2=" ">
    <subfield code="c">228</subfield>
    <subfield code="d">228</subfield>
  </datafield>
</record>
